Elektrochemický DNA biosenzor na báze nanomateriálov

Gespeichert in:
Bibliographische Detailangaben
1. Verfasser: Zrubák, Roman
Format: Buch
Sprache:Slowakisch
Veröffentlicht: Bratislava STU FCHPT 2010
Online-Zugang:Im OPAC anzeigen
Tags: Tag hinzufügen
Keine Tags, Fügen Sie das erste Tag hinzu!

MARC

LEADER 00000nam a2200000 a 4500
005 20260127134006.0
008 100827 2010 xo 000 0 slo d
035 |a vtls010126791 
039 9 |y 201008270946  |z mschk03 
040 |a STUSCHK1  |b slo  |c STUSCHK1  |e AACR2 
100 1 |a Zrubák, Roman 
245 1 |a Elektrochemický DNA biosenzor na báze nanomateriálov  |c Roman Zrubák 
260 |a Bratislava  |b STU FCHPT  |c 2010 
300 |a 25 s.  |b il.  |c 30 cm 
500 |a Obháj.: 24.8. 2010 
500 |a Študijný program: chémia a medicínska chémia 
500 |a Študijný odbor: 4.1.14 chémia 
500 |a Bakalárska práca 
500 |a FCHPT, Oddelenie analytickej chémie 
500 |a Evidenčné číslo: 5427-40465 
910 |a SCHK95 
999 |c 1653  |d 1653